Logo BPK

Biblioteka

Politechniki Koszalińskiej

Advanced expert CAE : (Rekord nr 52472)

Szczegóły MARC
000 -ETYKIETA REKORDU
podpole kontrolne o stałej długości 00737nam a2200253 i 4500
001 - NUMER KONTROLNY REKORDU
pole kontrolne bg
020 ## - MIĘDZYNARODOWY ZNORMALIZOWANY NUMER KSIĄŻKI - ISBN
ISBN 058282401X
020 ## - MIĘDZYNARODOWY ZNORMALIZOWANY NUMER KSIĄŻKI - ISBN
ISBN 9780582824010
040 ## - ŹRÓDŁO KATALOGOWANIA
Instytucja, która utworzyła rekord BPK
041 0# - KOD JĘZYKA
Kod języka tekstu eng
080 ## - UNIWERSALNA KLASYFIKACJA DZIESIĘTNA - UKD
UKD 811.111(07)
920 ## - Międzynarodowy znormalizowany numer książki – ISBN
ISBN 0-582-82401-X
920 ## - Międzynarodowy znormalizowany numer książki – ISBN
ISBN 978-0-582-82401-0
008 - POLE O STAŁEJ DŁUGOŚCI - DANE KONTROLNE
podpole kontrolne o stałej długości s pl f |000 0 pol
245 10 - TYTUŁ/ODPOWIEDZIALNOŚĆ
Tytuł Advanced expert CAE :
Ciąg dalszy tytułu student's resource book : with key /
Pozostałe elementy strefy tytułu i oznaczenia odpowiedzialności Jane Barnes et al.
250 ## - STREFA WYDANIA
Oznaczenie wydania 2nd impr.
260 ## - STREFA ADRESU WYDAWNICZEGO
Miejsce wydania Harlow :
Nazwa wydawcy/dystrybutora Longman :
-- Pearson Education,
Data publikacji, dystrybucji/powstania dokumentu 2006.
300 ## - STREFA OPISU FIZYCZNEGO
Objętość 173 s. :
Inne cechy fizyczne il. ;
Rozmiary 30 cm +
Dokument towarzyszący CD ROM.
650 #9 - HASŁO PRZEDMIOTOWE W FORMIE NAZWY OGÓLNEJ LUB JEDNOSTKOWEJ
Nazwa ogólna lub geograficzna Język angielski
655 ## - TERMIN INDEKSOWY - OKREŚLENIE RODZAJU/FORMY DOKUMENTU
Określenie rodzaju/formy dokumentu Podręczniki
700 1# - HASŁO DODATKOWE - NAZWA OSOBOWA
Nazwa osobowa BARNES, Jane
942 ## - DODATKOWE ELEMENTY (KOHA)
Typ dokumentu Książka
Egzemplarze
Wycofany Status egzemplarza Dołączone materiały Uszkodzony Dostępność Lokalizacja stała Lokalizacja bieżąca Miejsce przechowywania Sygnatura Kod kreskowy Typ dokumentu
    1 dysk optyczny CD-ROM   Dostępny Biblioteka Politechniki Koszalińskiej Biblioteka Politechniki Koszalińskiej Wypożyczalnia BG 80868 02331119 Książka
© 2023 Biblioteka Politechniki Koszalińskiej :: KOHA